Fundamentals of operational logistics / (Record no. 2595)

MARC details
000 -LEADER
fixed length control field 00643nam a22002177a 4500
001 - CONTROL NUMBER
control field 15978
003 - CONTROL NUMBER IDENTIFIER
control field OSt
005 - DATE AND TIME OF LATEST TRANSACTION
control field 20251128113506.0
008 - FIXED-LENGTH DATA ELEMENTS--GENERAL INFORMATION
fixed length control field 251128b |||||||| |||| 00| 0 eng d
020 ## - INTERNATIONAL STANDARD BOOK NUMBER
International Standard Book Number 9789834718312
040 ## - CATALOGING SOURCE
Original cataloging agency KPTM
Transcribing agency KPTM
Modifying agency MILA_lin
050 ## - LIBRARY OF CONGRESS CALL NUMBER
Classification number HD38.5
Item number .N336 2016
100 ## - MAIN ENTRY--PERSONAL NAME
Personal name Nazry Yahya
Dates associated with a name 1887
245 ## - TITLE STATEMENT
Title Fundamentals of operational logistics /
Statement of responsibility, etc. Nazry Yahya.
260 ## - PUBLICATION, DISTRIBUTION, ETC.
Place of publication, distribution, etc. Malaysia;
Name of publisher, distributor, etc. Oxford Fajar,
Date of publication, distribution, etc. 2016
300 ## - PHYSICAL DESCRIPTION
Extent xii, 316 pages :
Other physical details illustrations ;
Dimensions 26 cm.
500 ## - GENERAL NOTE
General note Includes index.
650 ## - SUBJECT ADDED ENTRY--TOPICAL TERM
Topical term or geographic name entry element Business logistics--Management
650 ## - SUBJECT ADDED ENTRY--TOPICAL TERM
Topical term or geographic name entry element Business logistics--Environmental aspects
942 ## - ADDED ENTRY ELEMENTS (KOHA)
Source of classification or shelving scheme Library of Congress Classification
Koha item type Book
Holdings
Withdrawn status Lost status Source of classification or shelving scheme Damaged status Not for loan Home library Current library Shelving location Date acquired Total Checkouts Full call number Barcode Date last seen Price effective from Koha item type
    Library of Congress Classification     MILA University Central Library MILA University Central Library General Stacks 28/11/2025   HD38.5 .N336 2016 0003557 28/11/2025 28/11/2025 Book
   
  Powered by CD Solutions Sdn Bhd